[Event "4rd Memory of Nebesna Sotnya-2017 B"]
[Site "Lutsk"]
[Date "2017.02.17"]
[Round "6.6"]
[White "Reshetkov, Kirill"]
[Black "Peng, Li Min"]
[Result "1/2-1/2"]
[WhiteElo "2463"]
[BlackElo "2296"]
[PlyCount "116"]
[EventDate "2017.02.17"]
[EventType "swiss (blitz)"]
[EventRounds "15"]
[EventCountry "UKR"]

1. e4 g6 2. d4 Bg7 3. Nf3 d6 4. c4 e5 5. d5 f5 6. Nc3 Nf6 7. Bd3 O-O 8. Bd2 a5
9. Qc2 fxe4 10. Nxe4 Nxe4 11. Bxe4 Nd7 12. Bg5 Bf6 13. Bh6 Bg7 14. Bg5 Bf6 15.
Be3 Bg7 16. Bg5 Qe8 17. h4 Nc5 18. Nd2 Qf7 19. Be3 Nxe4 20. Nxe4 Bf5 21. O-O-O
Bxe4 22. Qxe4 Qf5 23. f3 Qxe4 24. fxe4 h5 25. Kd2 b6 26. Ke2 Kh7 27. g4 hxg4
28. h5 g5 29. Rdg1 Rf7 30. Rxg4 Raf8 31. h6 Bf6 32. Rh2 Rg8 33. Rf2 Rff8 34.
Rh2 Rg6 35. Rf2 Rgg8 36. Rf5 Kxh6 37. b3 Be7 38. Rg2 Rxf5 39. exf5 Rf8 40. Rf2
Bf6 41. Kd3 Kg7 42. Rg2 Kh6 43. Ke4 Rh8 44. Kf3 Kg7 45. Bxg5 Bxg5 46. Rxg5+ Kf6
47. Kg4 Rh2 48. Rg6+ Kf7 49. Re6 Rxa2 50. f6 Rb2 51. Kg5 Rg2+ 52. Kf5 Rf2+ 53.
Kg5 Rg2+ 54. Kf5 Rf2+ 55. Kg5 Rg2+ 56. Kf5 Rf2+ 57. Kg5 Rg2+ 58. Kf5 Rf2+
1/2-1/2

[Event "4rd Memory of Nebesna Sotnya-2017 B"]
[Site "Lutsk"]
[Date "2017.02.17"]
[Round "6.7"]
[White "Cherepov, Alexej"]
[Black "Firman, Nazar"]
[Result "0-1"]
[WhiteElo "2291"]
[BlackElo "2419"]
[PlyCount "79"]
[EventDate "2017.02.17"]
[EventType "swiss (blitz)"]
[EventRounds "15"]
[EventCountry "UKR"]

1. d4 Nf6 2. c4 g6 3. Nc3 Bg7 4. e4 d6 5. Be2 O-O 6. Bg5 Nbd7 7. Qd2 c5 8. d5
a6 9. a4 Re8 10. Nf3 e5 11. dxe6 Rxe6 12. O-O Qf8 13. Bd3 h6 14. Bh4 b6 15. Nd5
Nxe4 16. Bxe4 Rxe4 17. Rfe1 Rxh4 18. Nxh4 Bb7 19. Ne7+ Kh7 20. Qxd6 Nf6 21.
Qxb6 Be4 22. Qxc5 Re8 23. f3 Rxe7 24. fxe4 Nxe4 25. Qb6 Re6 26. Qe3 Bxb2 27.
Rad1 Nc3 28. Qa7 Ne2+ 29. Kh1 Bd4 30. Qd7 Re7 31. Qd5 Bf2 32. Rxe2 Rxe2 33. Nf3
Bc5 34. Rf1 Kg7 35. Ne5 Rf2 36. Rxf2 Bxf2 37. Nd7 Qe7 38. Ne5 Qf6 39. h3 Bg3
40. Qd1 0-1

[Event "4rd Memory of Nebesna Sotnya-2017 B"]
[Site "Lutsk"]
[Date "2017.02.17"]
[Round "6.8"]
[White "Razin, Vadim"]
[Black "Maciaga, Marcin"]
[Result "1-0"]
[WhiteElo "2416"]
[BlackElo "2271"]
[PlyCount "115"]
[EventDate "2017.02.17"]
[EventType "swiss (blitz)"]
[EventRounds "15"]
[EventCountry "UKR"]

1. d4 Nf6 2. Nf3 g6 3. Bg5 Bg7 4. Nbd2 c5 5. e3 O-O 6. c3 d6 7. Bd3 Nc6 8. Qe2
Rb8 9. O-O a6 10. a4 Re8 11. e4 cxd4 12. cxd4 Bg4 13. Qe3 e5 14. d5 Nd4 15.
Nxd4 exd4 16. Qg3 h5 17. h3 Bc8 18. Nc4 Qd7 19. Qxd6 Qxd6 20. Nxd6 Rf8 21. Bc4
Bd7 22. e5 Ne8 23. Be7 Bxe5 24. Bxf8 Nxd6 25. Bxd6 Bxd6 26. b3 b5 27. axb5 axb5
28. Bd3 Bb4 29. Ra7 Be8 30. Rfa1 Kf8 31. Kf1 Bc3 32. R1a6 Rd8 33. Be4 b4 34.
Kg1 Bb5 35. Rb6 Be2 36. Rbb7 d3 37. Rxf7+ Kg8 38. Rg7+ Kf8 39. Raf7+ Ke8 40.
Re7+ Kf8 41. Rgf7+ Kg8 42. Bxg6 d2 43. Bh7+ Kh8 44. Bc2 d1=Q+ 45. Bxd1 Bxd1 46.
d6 Bxb3 47. Rd7 Re8 48. Rfe7 Ra8 49. Ra7 Rd8 50. d7 Bg8 51. Re8 Bf6 52. Rxd8
Bxd8 53. Ra8 Bf6 54. d8=Q Bxd8 55. Rxd8 b3 56. Rb8 Kg7 57. Kf1 Kf7 58. Rxb3 1-0

[Event "4rd Memory of Nebesna Sotnya-2017 B"]
[Site "Lutsk"]
[Date "2017.02.17"]
[Round "7.1"]
[White "Budnikov, Oleg"]
[Black "Bortnyk, Mykola"]
[Result "1-0"]
[WhiteElo "2418"]
[BlackElo "2624"]
[PlyCount "45"]
[EventDate "2017.02.17"]
[EventType "swiss (blitz)"]
[EventRounds "15"]
[EventCountry "UKR"]

1. Nf3 Nf6 2. c4 d6 3. d4 Nbd7 4. Nc3 e5 5. e4 Be7 6. Be2 O-O 7. O-O c6 8. Qc2
Qc7 9. Rd1 Re8 10. b3 exd4 11. Nxd4 Ne5 12. Bf1 a6 13. f3 d5 14. cxd5 cxd5 15.
Nxd5 Nxd5 16. exd5 Qb6 17. Be3 Bf6 18. Bf2 Qd6 19. Rac1 Bg5 20. Qc7 Qxd5 21.
Rc5 Bd8 22. Qxc8 Qxd4 23. Bxd4 1-0

[Event "4rd Memory of Nebesna Sotnya-2017 B"]
[Site "Lutsk"]
[Date "2017.02.17"]
[Round "7.2"]
[White "Gritsak, Orest"]
[Black "Solovchuk, Alexey"]
[Result "1/2-1/2"]
[WhiteElo "2497"]
[BlackElo "2356"]
[PlyCount "133"]
[EventDate "2017.02.17"]
[EventType "swiss (blitz)"]
[EventRounds "15"]
[EventCountry "UKR"]

1. Nf3 c5 2. c4 Nc6 3. e3 d6 4. d4 g6 5. d5 Nb8 6. Be2 Bg7 7. O-O Nd7 8. Nc3
Ngf6 9. Qc2 O-O 10. b3 e5 11. dxe6 fxe6 12. Bb2 Qe7 13. Rad1 a6 14. Rd2 Ne8 15.
Rfd1 Ndf6 16. Ng5 Ng4 17. Nge4 Qh4 18. Bxg4 Qxg4 19. Nxd6 Nxd6 20. Rxd6 Be5 21.
R6d2 Qh5 22. h3 b5 23. Ne4 Bb7 24. Bxe5 Qxe5 25. Ng3 Bc6 26. Qb2 Qxb2 27. Rxb2
Rfd8 28. Rxd8+ Rxd8 29. cxb5 Rd1+ 30. Kh2 Bxb5 31. Rc2 c4 32. bxc4 Ba4 33. Rb2
Rc1 34. Rb4 Bc6 35. Ne2 Rf1 36. Nd4 Be4 37. f3 Bd3 38. c5 e5 39. Nc6 e4 40.
fxe4 Rc1 41. Ne5 Bf1 42. c6 Rc2 43. Kg1 Bxg2 44. Rc4 Rxc4 45. Nxc4 Bxh3 46. c7
Be6 47. Nb6 Kf7 48. Kf2 Kf6 49. Kf3 Ke5 50. c8=Q Bxc8 51. Nxc8 g5 52. Nb6 g4+
53. Ke2 Kxe4 54. Nd7 Kf5 55. Nc5 a5 56. a4 h5 57. Kf2 h4 58. Nb3 Ke4 59. Nxa5
g3+ 60. Kg2 Kxe3 61. Nb3 Ke4 62. a5 Kd5 63. a6 Kc6 64. Nd4+ Kb6 65. Nf3 Kxa6
66. Nxh4 Kb5 67. Kxg3 1/2-1/2

[Event "4rd Memory of Nebesna Sotnya-2017 B"]
[Site "Lutsk"]
[Date "2017.02.17"]
[Round "7.3"]
[White "Galperin, Platon"]
[Black "Klymchuk, Andriy"]
[Result "1-0"]
[WhiteElo "2243"]
[BlackElo "2495"]
[PlyCount "75"]
[EventDate "2017.02.17"]
[EventType "swiss (blitz)"]
[EventRounds "15"]
[EventCountry "UKR"]

1. Nf3 g6 2. e4 Bg7 3. d4 d6 4. Bc4 a6 5. Qe2 e6 6. c3 Ne7 7. Bf4 Nd7 8. Nbd2
h6 9. h3 b5 10. Bd3 Nb6 11. O-O Bb7 12. e5 O-O 13. Ne4 Nf5 14. exd6 cxd6 15. g4
Nh4 16. Nxh4 Qxh4 17. Bxd6 Qxh3 18. Bxf8 Rxf8 19. f3 Qh4 20. Qh2 Qd8 21. Qd6
Qh4 22. Kg2 Bxe4 23. fxe4 Qxg4+ 24. Qg3 Qxg3+ 25. Kxg3 Rd8 26. Rad1 f5 27. Rfe1
Kf7 28. Re2 Bf6 29. Rde1 Na4 30. exf5 exf5 31. Re6 Nxb2 32. Bc2 Rc8 33. Bb3 Kg7
34. Rxa6 Rxc3+ 35. Kg2 Nd3 36. Ra7+ Kf8 37. Rf7+ Kg8 38. Re8# 1-0

[Event "4rd Memory of Nebesna Sotnya-2017 B"]
[Site "Lutsk"]
[Date "2017.02.17"]
[Round "7.4"]
[White "Firman, Nazar"]
[Black "Shymanskyi, Oleksandr"]
[Result "0-1"]
[WhiteElo "2419"]
[BlackElo "2304"]
[PlyCount "168"]
[EventDate "2017.02.17"]
[EventType "swiss (blitz)"]
[EventRounds "15"]
[EventCountry "UKR"]

1. e4 d5 2. exd5 Nf6 3. Nf3 Nxd5 4. c4 Nb6 5. a4 a5 6. Nc3 Nc6 7. c5 Nd7 8. d4
e6 9. Bb5 Nb4 10. O-O Be7 11. Bf4 O-O 12. Ne5 Nxe5 13. Bxe5 Bf6 14. Qf3 Bxe5
15. dxe5 Qd4 16. Rfe1 Qxc5 17. Rac1 Qe7 18. Ne4 h6 19. Nf6+ Kh8 20. Rc4 Nd5 21.
Nxd5 exd5 22. Qxd5 c6 23. Qd6 Qxd6 24. exd6 cxb5 25. axb5 Rd8 26. Rc7 Be6 27.
Rd1 Rd7 28. h3 Rad8 29. b6 Rxd6 30. Rxd6 Rxd6 31. Rxb7 Rd1+ 32. Kh2 Rb1 33. Ra7
Rxb2 34. Rxa5 Rxb6 35. Re5 Rb2 36. f3 Kh7 37. Kg3 Kg6 38. h4 Kf6 39. Re1 Bc4
40. Rc1 Bb5 41. Ra1 h5 42. Rc1 g6 43. Ra1 Ke5 44. Re1+ Re2 45. Rb1 Bc4 46. Rb7
Ra2 47. Re7+ Kd4 48. Re4+ Kd5 49. Re1 Bd3 50. Rc1 Rb2 51. Ra1 Rb1 52. Ra5+ Ke6
53. Ra3 Bc4 54. Ra4 Kd5 55. Ra7 Kd4 56. Rd7+ Ke3 57. Rc7 Be6 58. Rc2 Rb5 59.
Rc3+ Kd4 60. Rc1 g5 61. hxg5 Rxg5+ 62. Kf2 h4 63. Rh1 Rh5 64. Rd1+ Ke5 65. Re1+
Kf6 66. Re4 h3 67. gxh3 Rxh3 68. Kg2 Rh8 69. Ra4 Rb8 70. Kg3 Rg8+ 71. Kf4 Rh8
72. Ra6 Rh4+ 73. Kg3 Rb4 74. Ra3 Rb3 75. Ra4 Bd5 76. Rf4+ Kg5 77. Rg4+ Kf5 78.
Rf4+ Ke5 79. Kg4 Rc3 80. Rf5+ Ke6 81. Rf4 f6 82. Kg3 Ke5 83. Kg4 Rc4 84. Rxc4
Bxc4 0-1

[Event "4rd Memory of Nebesna Sotnya-2017 B"]
[Site "Lutsk"]
[Date "2017.02.17"]
[Round "7.5"]
[White "Grekh, Andrey"]
[Black "Razin, Vadim"]
[Result "1-0"]
[WhiteElo "2347"]
[BlackElo "2416"]
[PlyCount "69"]
[EventDate "2017.02.17"]
[EventType "swiss (blitz)"]
[EventRounds "15"]
[EventCountry "UKR"]

1. e4 e6 2. d4 d5 3. Nd2 Nf6 4. e5 Nfd7 5. Bd3 c5 6. c3 Nc6 7. Ne2 cxd4 8. cxd4
f6 9. exf6 Nxf6 10. Nf3 Bd6 11. O-O O-O 12. Bf4 Bxf4 13. Nxf4 Ne4 14. Qc1 Qf6
15. Ne2 Bd7 16. Qe3 Nb4 17. Ne5 Be8 18. Bxe4 dxe4 19. Qxe4 Nd5 20. Rac1 Bb5 21.
f3 Rad8 22. Rfe1 Bxe2 23. Rxe2 Nf4 24. Rd2 Qg5 25. Rcd1 Rc8 26. g3 Nd5 27. Re2
Nf4 28. Red2 Nd5 29. Nd7 Rfe8 30. Nc5 Qh6 31. Re2 Kh8 32. Nxb7 Rc1 33. Rxc1
Qxc1+ 34. Kg2 Qc7 35. Qxd5 1-0

[Event "4rd Memory of Nebesna Sotnya-2017 B"]
[Site "Lutsk"]
[Date "2017.02.17"]
[Round "7.6"]
[White "Omelja, Artem"]
[Black "Alexikov, Alexander"]
[Result "0-1"]
[WhiteElo "2405"]
[BlackElo "2339"]
[PlyCount "142"]
[EventDate "2017.02.17"]
[EventType "swiss (blitz)"]
[EventRounds "15"]
[EventCountry "UKR"]

1. d4 Nf6 2. c4 g6 3. Nc3 Bg7 4. e4 d6 5. Nf3 O-O 6. Be2 e5 7. O-O Na6 8. Re1
c6 9. Bf1 Ng4 10. h3 exd4 11. Nxd4 Qb6 12. Nce2 Ne5 13. Qb3 Nc5 14. Qc2 Qb4 15.
Qc3 Qxc4 16. Qxc4 Nxc4 17. f3 Nd3 18. Rd1 Ndxb2 19. Bxb2 Nxb2 20. Rd2 Nc4 21.
Rc2 Ne3 22. Rd2 c5 23. Rc1 cxd4 24. Nxd4 Nxf1 25. Rxf1 Rd8 26. Nb5 Be6 27. Rfd1
Be5 28. Kf2 Rd7 29. Ke3 g5 30. Kf2 a6 31. Nd4 Kf8 32. Ne2 h5 33. g3 h4 34. gxh4
gxh4 35. f4 Bf6 36. e5 Be7 37. Nd4 Rad8 38. Ke3 Ke8 39. Nxe6 fxe6 40. f5 exf5
41. e6 Rc7 42. Kf4 Bf6 43. Kxf5 Be5 44. Rg2 Rg7 45. Rxg7 Bxg7 46. Rg1 Bf8 47.
Rg8 Ke7 48. Rh8 d5 49. Rh7+ Kd6 50. Rxb7 Be7 51. Rb6+ Kc5 52. Rxa6 d4 53. Ra7
Rf8+ 54. Ke4 Bd6 55. Ra5+ Kc4 56. Ra4+ Kc5 57. Ra5+ Kb6 58. Rh5 Kc6 59. Rxh4
Bc5 60. Rh6 Re8 61. a4 Kd6 62. h4 Rxe6+ 63. Rxe6+ Kxe6 64. h5 Kf6 65. a5 Kg5
66. Kd5 Ba7 67. Kc4 Kxh5 68. a6 Kg4 69. Kb5 d3 70. Kc6 d2 71. Kb7 Be3 0-1

[Event "4rd Memory of Nebesna Sotnya-2017 B"]
[Site "Lutsk"]
[Date "2017.02.17"]
[Round "7.7"]
[White "Polyakov, Maxim"]
[Black "Terletsky, Oleg"]
[Result "1-0"]
[WhiteElo "2402"]
[BlackElo "2193"]
[PlyCount "51"]
[EventDate "2017.02.17"]
[EventType "swiss (blitz)"]
[EventRounds "15"]
[EventCountry "UKR"]

1. d4 Nf6 2. Nf3 g6 3. Nbd2 d5 4. e3 Bg7 5. b4 O-O 6. Bb2 Bf5 7. Be2 Ne4 8. O-O
Nxd2 9. Qxd2 Nd7 10. c4 c6 11. a4 Re8 12. b5 dxc4 13. bxc6 bxc6 14. Bxc4 e5 15.
Rfc1 e4 16. Ne1 Rb8 17. Rab1 Bf8 18. Bf1 Bb4 19. Qc2 c5 20. Bb5 cxd4 21. Bxd4
Bf8 22. Bxa7 Ra8 23. Bd4 Qh4 24. g3 Qh5 25. Ng2 Bd6 26. Qc6 1-0

[Event "4rd Memory of Nebesna Sotnya-2017 B"]
[Site "Lutsk"]
[Date "2017.02.17"]
[Round "7.8"]
[White "Rakhmangulov, Andrei"]
[Black "Bogdanovich, Stanislav"]
[Result "1-0"]
[WhiteElo "2315"]
[BlackElo "2714"]
[Annotator ",Àäìèíèñòðàòîð"]
[PlyCount "103"]
[EventDate "2017.02.17"]
[EventType "swiss (blitz)"]
[EventRounds "15"]
[EventCountry "UKR"]

1. d4 Nf6 2. Nf3 g6 3. c3 Bg7 4. h3 O-O 5. Bf4 b6 6. e3 Bb7 7. Bc4 d6 8. O-O
Nbd7 9. Nbd2 Qe8 10. Bh2 e5 11. a4 a6 12. a5 b5 13. Bb3 Qe7 14. Rc1 c5 15. dxe5
dxe5 16. Bc2 e4 17. Ne1 Ne5 18. Bxe5 Qxe5 19. Qe2 Rad8 20. f4 exf3 21. Nexf3
Qe7 22. e4 Nh5 23. Qe3 c4 24. e5 Rfe8 25. Rce1 Bd5 26. Rf2 h6 27. g4 Nf6 28.
exf6 Qxe3 29. Rxe3 Rxe3 30. fxg7 Kxg7 31. Nd4 Re1+ 32. Nf1 Bb7 33. h4 b4 34.
Ba4 bxc3 35. bxc3 Rc1 36. Bc6 Bxc6 37. Nxc6 Re8 38. Rf3 Re4 39. Kf2 Rc2+ 40.
Kg3 h5 41. gxh5 gxh5 42. Nd4 Rc1 43. Kf2 Rxh4 44. Nf5+ Kg6 45. Nxh4+ Kg5 46.
Ng2 Rc2+ 47. Kg3 f6 48. Nfe3 Rxc3 49. Rf5+ Kg6 50. Rc5 Ra3 51. Kf4 c3 52. Nh4+
{Ra4+ illegal move} 1-0

[Event "4rd Memory of Nebesna Sotnya-2017 B"]
[Site "Lutsk"]
[Date "2017.02.17"]
[Round "8.1"]
[White "Gritsak, Orest"]
[Black "Budnikov, Oleg"]
[Result "1-0"]
[WhiteElo "2497"]
[BlackElo "2418"]
[PlyCount "69"]
[EventDate "2017.02.17"]
[EventType "swiss (blitz)"]
[EventRounds "15"]
[EventCountry "UKR"]

1. Nf3 g6 2. g3 Bg7 3. Bg2 e5 4. O-O Nc6 5. c3 f5 6. d3 d6 7. Nbd2 Nf6 8. b4
O-O 9. b5 Ne7 10. a4 h6 11. Bb2 g5 12. e3 Ng6 13. c4 g4 14. Ne1 h5 15. f4 exf4
16. exf4 h4 17. Rf2 Nh5 18. Bxg7 Kxg7 19. Nf1 Qf6 20. Qc1 Re8 21. Nc2 Rb8 22.
a5 Be6 23. Ra3 b6 24. Qa1 Qxa1 25. Rxa1 Re7 26. Nd4 Bd7 27. Bc6 Bc8 28. axb6
axb6 29. Re2 hxg3 30. hxg3 Kf6 31. Rxe7 Nxe7 32. Ra7 Nxc6 33. Nxc6 Rb7 34. Ra8
Be6 35. Nd8 1-0

[Event "4rd Memory of Nebesna Sotnya-2017 B"]
[Site "Lutsk"]
[Date "2017.02.17"]
[Round "8.2"]
[White "Alexikov, Alexander"]
[Black "Polyakov, Maxim"]
[Result "1-0"]
[WhiteElo "2339"]
[BlackElo "2402"]
[PlyCount "76"]
[EventDate "2017.02.17"]
[EventType "swiss (blitz)"]
[EventRounds "15"]
[EventCountry "UKR"]

1. d4 c5 2. e3 Nf6 3. Nf3 b6 4. b3 Bb7 5. Bb2 g6 6. Nbd2 Bg7 7. Bd3 O-O 8. O-O
d6 9. c4 e6 10. Re1 Nbd7 11. Qc2 Qc7 12. Rac1 a6 13. Bf1 Rfe8 14. Qb1 e5 15. d5
Bc8 16. e4 Nh5 17. g3 Ndf6 18. Bg2 Bh6 19. Rcd1 Bd7 20. Qc2 b5 21. Bc1 Reb8 22.
Re2 a5 23. cxb5 Bxb5 24. Nc4 Bxc4 25. bxc4 Bxc1 26. Rxc1 a4 27. Ne1 Ng7 28. Nd3
Nd7 29. f4 a3 30. Rf1 Re8 31. Bh3 exf4 32. gxf4 Re7 33. Rfe1 Rae8 34. Qc3 Nh5
35. Bg4 Nhf6 36. Bf3 Ra8 37. e5 Ne8 38. exd6 Nxd6 1-0

[Event "4rd Memory of Nebesna Sotnya-2017 B"]
[Site "Lutsk"]
[Date "2017.02.17"]
[Round "8.3"]
[White "Solovchuk, Alexey"]
[Black "Galperin, Platon"]
[Result "1/2-1/2"]
[WhiteElo "2356"]
[BlackElo "2243"]
[PlyCount "105"]
[EventDate "2017.02.17"]
[EventType "swiss (blitz)"]
[EventRounds "15"]
[EventCountry "UKR"]

1. c4 Nf6 2. Nc3 g6 3. g3 Bg7 4. Bg2 O-O 5. d3 e6 6. e4 c5 7. f4 Nc6 8. Nge2 b6
9. O-O Bb7 10. Rb1 Ne8 11. a3 Nc7 12. b4 cxb4 13. axb4 Ne7 14. d4 d5 15. cxd5
exd5 16. e5 Ne6 17. Qd3 Qd7 18. Be3 Rac8 19. Bf2 Rc4 20. Nd1 Nc6 21. Qd2 b5 22.
Ne3 Ncxd4 23. Nxc4 Nxe2+ 24. Qxe2 dxc4 25. Rfd1 Qc7 26. Bxb7 Qxb7 27. Ra1 Ra8
28. Be3 Bf8 29. Qg2 Qxg2+ 30. Kxg2 Bxb4 31. Rxa7 Rxa7 32. Bxa7 Ba3 33. Kf3 c3
34. Be3 b4 35. Ra1 Bb2 36. Ra8+ Kg7 37. Ke2 c2 38. Rb8 c1=Q 39. Bxc1 Bxc1 40.
Rxb4 Ba3 41. Ra4 Bc5 42. Kf3 Nd4+ 43. Ke4 Ne6 44. Rc4 Bg1 45. h3 Bh2 46. Rc3
Bg1 47. g4 Bh2 48. f5 Ng5+ 49. Kd5 gxf5 50. gxf5 h5 51. Re3 Bf4 52. Rd3 h4 53.
Ra3 1/2-1/2

[Event "4rd Memory of Nebesna Sotnya-2017 B"]
[Site "Lutsk"]
[Date "2017.02.17"]
[Round "8.4"]
[White "Shymanskyi, Oleksandr"]
[Black "Grekh, Andrey"]
[Result "1/2-1/2"]
[WhiteElo "2304"]
[BlackElo "2347"]
[PlyCount "55"]
[EventDate "2017.02.17"]
[EventType "swiss (blitz)"]
[EventRounds "15"]
[EventCountry "UKR"]

1. b3 Nf6 2. Bb2 b6 3. Nf3 Bb7 4. g3 c5 5. c4 g6 6. Bg2 Bg7 7. O-O O-O 8. d4
cxd4 9. Nxd4 Bxg2 10. Kxg2 d5 11. cxd5 Qxd5+ 12. Nf3 Nc6 13. Qxd5 Nxd5 14. Bxg7
Kxg7 15. Rc1 Rac8 16. Nc3 Nxc3 17. Rxc3 Nb4 18. Rxc8 Rxc8 19. a3 Nd5 20. Rd1 e6
21. Rd3 Rc2 22. Nd4 Ra2 23. b4 a6 24. e4 Nf6 25. Kf3 h5 26. h3 Ra1 27. Nc2 Rc1
28. Ne3 1/2-1/2

[Event "4rd Memory of Nebesna Sotnya-2017 B"]
[Site "Lutsk"]
[Date "2017.02.17"]
[Round "8.5"]
[White "Kislinsky, Alexey"]
[Black "Onischuk, Vladimir"]
[Result "1-0"]
[WhiteElo "2590"]
[BlackElo "2684"]
[PlyCount "71"]
[EventDate "2017.02.17"]
[EventType "swiss (blitz)"]
[EventRounds "15"]
[EventCountry "UKR"]

1. e4 d6 2. d4 Nf6 3. Nc3 g6 4. h3 Bg7 5. Be3 a6 6. a4 Nc6 7. Nf3 O-O 8. Bc4
Nxe4 9. Nxe4 d5 10. Bd3 dxe4 11. Bxe4 Qd6 12. O-O Rd8 13. c3 Be6 14. Re1 Bd5
15. Bxd5 Qxd5 16. Bg5 Rd7 17. Qe2 Qd6 18. Rad1 e6 19. Nd2 Qd5 20. Ne4 b6 21. g4
f5 22. Nf6+ Bxf6 23. Bxf6 fxg4 24. Qxe6+ Qxe6 25. Rxe6 Na5 26. hxg4 Kf7 27.
Rde1 Nc4 28. g5 Rc8 29. Re7+ Rxe7 30. Rxe7+ Kf8 31. Rxh7 Ke8 32. b3 Nd2 33. f4
Nxb3 34. f5 gxf5 35. g6 Nd2 36. Rh8+ 1-0

[Event "4rd Memory of Nebesna Sotnya-2017 B"]
[Site "Lutsk"]
[Date "2017.02.17"]
[Round "8.6"]
[White "Bortnyk, Mykola"]
[Black "Sergeev, Vladimir"]
[Result "1-0"]
[WhiteElo "2624"]
[BlackElo "2282"]
[PlyCount "75"]
[EventDate "2017.02.17"]
[EventType "swiss (blitz)"]
[EventRounds "15"]
[EventCountry "UKR"]

1. e4 d6 2. d4 g6 3. Nc3 c6 4. h3 Bg7 5. g4 e5 6. Be3 Nd7 7. Nge2 a6 8. Bg2 b5
9. O-O Ngf6 10. f4 h5 11. g5 Nh7 12. h4 exf4 13. Bxf4 Qe7 14. Qe1 Bb7 15. Qg3
Bf8 16. a3 O-O-O 17. Rf2 f6 18. gxf6 Ndxf6 19. e5 Ng4 20. Bh3 Qe6 21. exd6 Bxd6
22. Bxd6 Qxd6 23. Bxg4+ hxg4 24. Qxg4+ Qd7 25. Qxd7+ Rxd7 26. Raf1 Re8 27. Rf7
Ree7 28. Rxe7 Rxe7 29. Ng3 c5 30. dxc5 Re5 31. Rf7 g5 32. Rxh7 gxh4 33. Rxh4
Rxc5 34. Kf2 Kb8 35. Ke3 Re5+ 36. Nge4 Ka7 37. Rh7 Kb8 38. Kd4 1-0

[Event "4rd Memory of Nebesna Sotnya-2017 B"]
[Site "Lutsk"]
[Date "2017.02.17"]
[Round "8.7"]
[White "Bernadskiy, Vitaliy"]
[Black "Rakhmangulov, Andrei"]
[Result "1-0"]
[WhiteElo "2507"]
[BlackElo "2315"]
[PlyCount "67"]
[EventDate "2017.02.17"]
[EventType "swiss (blitz)"]
[EventRounds "15"]
[EventCountry "UKR"]

1. d4 Nf6 2. c4 c5 3. Nf3 cxd4 4. Nxd4 e5 5. Nb5 d5 6. cxd5 Bc5 7. e3 O-O 8.
N5c3 Qe7 9. Be2 e4 10. a3 a6 11. Nd2 Rd8 12. b4 Bd6 13. Nc4 Bc7 14. Bb2 b5 15.
d6 Bxd6 16. Nxd6 Rxd6 17. Qc2 Nc6 18. O-O Bb7 19. a4 Nxb4 20. Qb3 Nd3 21. axb5
Nxb2 22. Qxb2 axb5 23. Rxa8+ Bxa8 24. Nxb5 Rd8 25. Nd4 Bd5 26. Rc1 g6 27. h3 h5
28. Qb6 Rd6 29. Rc8+ Kg7 30. Qb8 h4 31. Bb5 Be6 32. Rc7 Bd7 33. Rb7 Qe8 34.
Qxd6 1-0

[Event "4rd Memory of Nebesna Sotnya-2017 B"]
[Site "Lutsk"]
[Date "2017.02.17"]
[Round "8.8"]
[White "Klymchuk, Andriy"]
[Black "Peng, Li Min"]
[Result "0-1"]
[WhiteElo "2495"]
[BlackElo "2296"]
[PlyCount "105"]
[EventDate "2017.02.17"]
[EventType "swiss (blitz)"]
[EventRounds "15"]
[EventCountry "UKR"]

1. g3 g6 2. Bg2 Bg7 3. h4 Nf6 4. c4 h5 5. Nc3 c6 6. Nh3 O-O 7. O-O d5 8. cxd5
cxd5 9. d4 Bxh3 10. Bxh3 Nc6 11. e3 a6 12. Bd2 Rc8 13. Bxc8 Qxc8 14. Rc1 Qh3
15. Qf3 Qd7 16. Rfd1 e5 17. Be1 e4 18. Qg2 Qf5 19. Ne2 Rd8 20. Rc5 Nd7 21. Rc2
f6 22. Nf4 g5 23. hxg5 fxg5 24. Nxh5 Kf7 25. g4 Qe6 26. f4 exf3 27. Qxf3+ Kg8
28. Re2 Re8 29. Ng3 Nf6 30. Nf5 Ne4 31. Bg3 Bf8 32. Rf1 Bb4 33. Rh2 Nd2 34.
Nh6+ Kg7 35. Qf7+ Qxf7 36. Rxf7+ Kg6 37. Rf5 Rxe3 38. Kf2 Rd3 39. Be5 Ne4+ 40.
Kg2 Rd2+ 41. Kh3 Rd3+ 42. Kg2 Rd2+ 43. Kf3 Rd3+ 44. Kg2 Rd2+ 45. Kg1 Rxh2 46.
Kxh2 Kxh6 47. Rf7 Nxe5 48. dxe5 Kg6 49. Rxb7 Bc5 50. Rc7 Bd4 51. Rc6+ Kf7 52.
e6+ Ke7 53. Rxa6 0-1

[Event "4rd Memory of Nebesna Sotnya-2017 B"]
[Site "Lutsk"]
[Date "2017.02.17"]
[Round "9.1"]
[White "Alexikov, Alexander"]
[Black "Gritsak, Orest"]
[Result "0-1"]
[WhiteElo "2339"]
[BlackElo "2497"]
[PlyCount "90"]
[EventDate "2017.02.17"]
[EventType "swiss (blitz)"]
[EventRounds "15"]
[EventCountry "UKR"]

1. d4 e6 2. Nf3 c5 3. e3 Nf6 4. b3 cxd4 5. exd4 b6 6. Bd3 Bb7 7. O-O Be7 8. Re1
O-O 9. Bb2 Re8 10. Nbd2 d6 11. c3 Nbd7 12. Qe2 Bf8 13. Rad1 g6 14. Ba6 Bxa6 15.
Qxa6 Qc8 16. Qxc8 Rexc8 17. Kf1 b5 18. g3 a5 19. Ke2 a4 20. Kd3 axb3 21. axb3
Ra2 22. Rb1 Nd5 23. Rec1 N7b6 24. h4 f6 25. Ng1 Kf7 26. Ne2 e5 27. Nf1 f5 28.
Ne3 e4+ 29. Kd2 Bh6 30. Rc2 Ke6 31. Bc1 Bxe3+ 32. fxe3 Rxc2+ 33. Kxc2 Nxc3 34.
Nxc3 Nd5 35. Bd2 b4 36. Ra1 bxc3 37. Bc1 Nb4+ 38. Kd1 Nd5 39. Kc2 h6 40. Ra7 g5
41. hxg5 hxg5 42. Rg7 Rh8 43. Rxg5 Rh2+ 44. Kb1 Nb4 45. Rg6+ Ke7 0-1

[Event "4rd Memory of Nebesna Sotnya-2017 B"]
[Site "Lutsk"]
[Date "2017.02.17"]
[Round "9.2"]
[White "Galperin, Platon"]
[Black "Bortnyk, Mykola"]
[Result "0-1"]
[WhiteElo "2243"]
[BlackElo "2624"]
[PlyCount "72"]
[EventDate "2017.02.17"]
[EventType "swiss (blitz)"]
[EventRounds "15"]
[EventCountry "UKR"]

1. Nf3 Nf6 2. g3 g6 3. Bg2 Bg7 4. O-O O-O 5. c4 d6 6. d4 c6 7. Nc3 Nbd7 8. e4
e5 9. d5 a5 10. Ne1 Nc5 11. Nd3 Bg4 12. f3 Nxd3 13. Qxd3 Bd7 14. Be3 Ne8 15. c5
cxd5 16. Nxd5 Bc6 17. Rfd1 f5 18. cxd6 Qxd6 19. Qc4 Bxd5 20. Qxd5+ Qxd5 21.
Rxd5 a4 22. Rad1 fxe4 23. fxe4 Nf6 24. Rb5 Ng4 25. Bc5 Rfc8 26. Bh3 h5 27. Bxg4
hxg4 28. Rd7 Bh6 29. Kg2 Rc6 30. h3 Rac8 31. Bf2 Rc2 32. Rbxb7 Rf8 33. hxg4
Rfxf2+ 34. Kg1 Be3 35. Rg7+ Kf8 36. Kh1 Rf1# 0-1

[Event "4rd Memory of Nebesna Sotnya-2017 B"]
[Site "Lutsk"]
[Date "2017.02.17"]
[Round "9.3"]
[White "Grekh, Andrey"]
[Black "Kislinsky, Alexey"]
[Result "1-0"]
[WhiteElo "2347"]
[BlackElo "2590"]
[PlyCount "95"]
[EventDate "2017.02.17"]
[EventType "swiss (blitz)"]
[EventRounds "15"]
[EventCountry "UKR"]

1. e4 g6 2. d4 Bg7 3. Be3 c5 4. c3 Nf6 5. Bd3 cxd4 6. cxd4 d5 7. e5 Ng4 8. Bf4
Nc6 9. Ne2 O-O 10. Qd2 f6 11. exf6 Nxf6 12. Nbc3 Bf5 13. Bxf5 gxf5 14. f3 Qe8
15. O-O Qg6 16. Be5 Bh6 17. Bf4 Bg7 18. Be5 Rad8 19. Nf4 Qf7 20. Rfe1 Bh6 21.
Qd3 Nxe5 22. dxe5 Bxf4 23. exf6 Qxf6 24. Nxd5 Qb6+ 25. Kh1 e6 26. Qc4 Rxd5 27.
Qxf4 e5 28. Qc4 Qc5 29. Qb3 Qb5 30. Qe3 f4 31. Qxa7 Rd2 32. Qa3 Rf5 33. Rac1
Qe8 34. Qb4 Rd7 35. Qe4 Qg6 36. Rc8+ Kg7 37. Rb8 Kh6 38. Rxb7 Rd2 39. Rg1 Qh5
40. Rb6+ Kg7 41. Qb7+ Rf7 42. Qc6 Rf2 43. a4 Re2 44. a5 e4 45. Qc3+ Kg8 46.
Rb8+ Rf8 47. Qc4+ Qf7 48. Rxf8+ 1-0

[Event "4rd Memory of Nebesna Sotnya-2017 B"]
[Site "Lutsk"]
[Date "2017.02.17"]
[Round "9.4"]
[White "Budnikov, Oleg"]
[Black "Solovchuk, Alexey"]
[Result "1-0"]
[WhiteElo "2418"]
[BlackElo "2356"]
[PlyCount "83"]
[EventDate "2017.02.17"]
[EventType "swiss (blitz)"]
[EventRounds "15"]
[EventCountry "UKR"]

1. Nf3 c5 2. e4 d6 3. d3 Nc6 4. Nbd2 g6 5. g3 Bg7 6. Bg2 e5 7. O-O Nge7 8. c3
O-O 9. Re1 Rb8 10. a3 b5 11. b4 a5 12. bxc5 dxc5 13. Nb3 c4 14. dxc4 bxc4 15.
Qxd8 Rxd8 16. Nc5 Bg4 17. a4 Bf8 18. Be3 Nc8 19. h3 Bxf3 20. Bxf3 Bxc5 21. Bxc5
Rd3 22. Re3 Rb3 23. Rc1 Rb2 24. Rxd3 cxd3 25. Rd1 d2 26. Be3 Rb3 27. Bg4 Nb6
28. Bxb6 Rxb6 29. Rxd2 Rb3 30. Rd3 Kg7 31. Kg2 Nb4 32. Rd7 Rxc3 33. Be6 Nd3 34.
Rxf7+ Kh6 35. h4 Nc5 36. Bd5 Nxa4 37. Ra7 Nc5 38. Bg8 g5 39. Rxh7+ Kg6 40. h5+
Kf6 41. Rf7+ Ke6 42. Rf3+ 1-0